Statistics for Robert De Niro Filmography

Click here to take the quiz!

General Stats

  • This quiz has been taken 406 times
    (154 since last reset)
  • The average score is 29 of 154

Answer Stats

Type Year Name % Correct
Film1980Raging Bull
93%
Film1976Taxi Driver
93%
Film1990Goodfellas
90%
Film1995Casino
86%
Film1974The Godfather Part II
83%
Film2000Meet the Parents
83%
Film2019The Irishman
81%
Film2004Meet the Fockers
76%
Film1978The Deer Hunter
76%
Film1995Heat
71%
Film1991Cape Fear
67%
Film1973Mean Streets
64%
Film2010Little Fockers
60%
Film2012Silver Linings Playbook
55%
Film1982The King of Comedy
55%
Film2019Joker
52%
Film1999Analyze This
50%
Film1984Once Upon a Time in America
50%
Film2016Dirty Grandpa
48%
Film2002Analyze That
48%
Film1990Awakenings
45%
Film1993A Bronx Tale
45%
Film1987The Untouchables
43%
Film1977New York, New York
38%
Film2013The Family
33%
Film2015The Intern
33%
Film1988Midnight Run
33%
Film1998Ronin
31%
Film2008Righteous Kill
31%
Film1997Jackie Brown
31%
Film2013Last Vegas
31%
Film1997Cop Land
29%
Film2004Shark Tale
29%
Film1986The Mission
29%
Film1994Mary Shelley's Frankenstein
26%
Film1993This Boy's Life
26%
Film1996Sleepers
26%
Film1991Backdraft
26%
Film2006The Good Shepherd
24%
Documentary2001America: A Tribute to Heroes
24%
Film2002City by the Sea
24%
Film1987Angel Heart
24%
Film2007Stardust
24%
Film1990Stanley & Iris
24%
Film2013Grudge Match
21%
Film2011Limitless
21%
Film2013American Hustle
21%
Film2001The Score
21%
Television1992-2019Saturday Night Live
21%
Film1997Wag the Dog
21%
Film2000The Adventures of Rocky and Bullwinkle
19%
Film1996The Fan
19%
Film19761900
19%
Film1985Brazil
19%
Film1973Bang the Drum Slowly
19%
Film2010Machete
19%
Film2000Men of Honor
17%
Film1989We're No Angels
17%
Film1984Falling in Love
17%
Film1989Jacknife
17%
Film200115 Minutes
14%
Film2002Showtime
14%
Film2015Heist
14%
Film2005Hide and Seek
14%
Film1998Great Expectations
14%
Film1970Bloody Mama
14%
Film1993Mad Dog and Glory
14%
Film1971The Gang That Couldn't Shoot Straight
14%
Film1976That Last Tycoon
14%
Film1981True Confessions
14%
Film1996Marvin's Room
12%
Film2010Stone
12%
Film1970Hi, Mom!
12%
Film1992Mistress
12%
Film2011New Year's Eve
12%
Film2015Joy
12%
Film2004Godsend
10%
Film1992Night and the City
10%
Film2009Everybody's Fine
10%
TV Film2017The Wizard of Lies
10%
Film1991Guilty by Suspicion
10%
Film1999Flawless
10%
Film2011Killer Elite
10%
Film2016Hands of Stone
7%
Film2008What Just Happened
7%
Film2018The War with Grandpa
7%
Film2012Red Lights
7%
Film1965Three Rooms in Manhattan
7%
Film2016The Comedian
7%
Film1971Jennifer on My Mind
7%
Short Film2015Ellis
7%
Film2013The Big Wedding
7%
Film1971Born to Win
5%
Film2012Being Flynn
5%
Producer1998Witness to the Mob
5%
Producer1996Faithful
5%
Film2012Freelancers
5%
Film1969Sam's Song
5%
Film1968Greetings
5%
Producer1993The Night We Never Met
5%
Television2006Extras
5%
Producer1995Panther
5%
Producer1993TriBeCa
5%
Short Film2015The Audition
5%
Producer1992Thunderheart
5%
Film2013Killing Season
5%
Film2014The Bag Man
5%
Production2020Artemis Fowl
5%
Documentary1987Dear America: Letters Home from Vietnam
5%
Film1965Encounter
5%
Producer2012NYC 22
2%
Producer2011The Undomestic Goddess
2%
Documentary2014The Man Who Saved the World
2%
Documentary2012Corman's World: Exploits of a Hollywood Rebel
2%
Documentary2014Remembering the Artist: Robert De Niro, Sr.
2%
Production2019When They See Us
2%
TV Special2019The Comedy Central Roast of Alec Baldwin
2%
Theater1953The Wizard of Oz
2%
Television201130 Rock
2%
Producer2002About a Boy
2%
Film1968Les Jeunes Loups
2%
Film1979The Swap
2%
Theater1986Cuba and His Teddy Bear
2%
Documentary1990Hollywood Mavericks
2%
Film1995One Hundred and One Nights
2%
Documentary1998Junket Whore
2%
Documentary1998Lenny Bruce: Swear to Tell the Truth
2%
Producer1999Entropy
2%
Producer2000Holiday Heart
2%
Film2011The Ages of Love
2%
Documentary20029/11
2%
Producer2001Prison Song
2%
FilmTBAThe Comeback Trail
2%
Producer2009Public Enemies
2%
Documentary2003Hans Hofmann: Artist/Teacher, Teacher/Artist
2%
Producer2004Stage Beauty
2%
Producer2005Rent
2%
Film2006Arthur and the Invisibles
2%
Producer201020% Fiction
2%
Producer201036 Quai des Orfèvres
0%
Theater1970-1971One Night Stand of a Noisy Passenger
0%
Producer1978Warrior Queen
0%
Documentary1982Elia Kazan, Outsider
0%
Producer2018Bohemian Rhapsody
0%
Producer2014About a Bag
0%
Television2007Sesame Street
0%
Stage Director2016-2018, 2018-2019A Bronx Tale The Musical
0%
Theater200242nd and Vine: Hollywood Hits Broadway
0%
Documentary1992Stella Adler: Awake and Dream!
0%
Documentary2006Tony Bennett: An American Classic
0%
Documentary2004Biography: Liza Minnelli
0%
Documentary2001The Concert for New York City
0%
Documentary1990More than a Movie
0%

Score Distribution

Percentile by Number Answered

Percent of People with Each Score

Your Score History

You have not taken this quiz since the last reset